Narcisazo : (Record no. 10556)
[ view plain ]
| 000 -LEADER | |
|---|---|
| campo de control de longitud fija | 01300nam a22002897a 4500 |
| 001 - NÚMERO DE CONTROL | |
| campo de control | 10556 |
| 003 - IDENTIFICADOR DE NÚMERO DE CONTROL | |
| campo de control | UCATEBA |
| 005 - FECHA Y HORA DE LA ÚLTIMA TRANSACCIÓN | |
| campo de control | 20260701093231.0 |
| 006 - CÓDIGOS DE INFORMACIÓN DE LONGITUD FIJA--CARACTERÍSTICAS DEL MATERIAL ADICIONAL | |
| campo de control de longitud fija | a |
| 007 - CAMPO FIJO DE DESCRIPCIÓN FÍSICA--INFORMACIÓN GENERAL | |
| campo de control de longitud fija | a |
| 008 - DATOS DE LONGITUD FIJA--INFORMACIÓN GENERAL | |
| campo de control de longitud fija | 260701b |||||||| |||| 00| 0 eng d |
| 020 ## - NÚMERO INTERNACIONAL ESTÁNDAR DEL LIBRO | |
| Número Internacional Estándar del Libro | 978-9945-8822-5-4 |
| 040 ## - FUENTE DE CATALOGACIÓN | |
| Centro catalogador/agencia de origen | DO-BaUCT |
| Lengua de catalogación | spa |
| Centro/agencia transcriptor | DO-BaUCT |
| Normas de descripción | rda |
| 041 0# - CÓDIGO DE IDIOMA | |
| Código de lengua del texto/banda sonora o título independiente | spa |
| Código de lengua original | spa |
| 082 0# - NÚMERO DE LA CLASIFICACIÓN DECIMAL DEWEY | |
| Información de edición | (22) |
| Número de clasificación | 972.93054 |
| Número de ítem | L9597n |
| 090 ## - LOCALMENTE ASIGNADO TIPO-LC NÚMERO DE CLASIFICACIÓN (OCLC); NÚMERO DE CLASIFICACIÓN LOCAL (RLIN) | |
| Número de clasificación (OCLC) (R) ; Numero de clasificación, CALL (RLIN) (NR) | 972.93054 L9597n |
| 100 1# - ENTRADA PRINCIPAL--NOMBRE DE PERSONA | |
| Nombre de persona | López Reyes, Oscar, |
| Fechas asociadas al nombre | 1952-, |
| Término indicativo de función/relación | autor |
| 245 10 - MENCIÓN DEL TÍTULO | |
| Título | Narcisazo : |
| Resto del título | ¿homicidio o suicidio? : las dos caras de una ausencia misteriosa / |
| Mención de responsabilidad, etc. | Oscar López Reyes. |
| 250 ## - MENCION DE EDICION | |
| Mención de edición | Primera edición |
| 264 ## - PRODUCCIÓN, PUBLICACIÓN, DISTRIBUCIÓN, FABRICACIÓN Y COPYRIGHT | |
| Producción, publicación, distribución, fabricación y copyright | Santo Domingo, República Dominicana : |
| Nombre del de productor, editor, distribuidor, fabricante | Editorial Valdez, |
| Fecha de producción, publicación, distribución, fabricación o copyright | 2013 |
| 500 ## - NOTA GENERAL | |
| Nota general | Investigación periodística en torno a la desaparición forzada del profesor universitario y activista político dominicano Narciso González (Narcisazo), ocurrida en mayo de 1994. |
| 504 ## - NOTA DE BIBLIOGRAFÍA, ETC. | |
| Nota de bibliografía, etc. Nota | Incluye Glosario -- Citas Bibliográficas -- Bibliografía General. |
| 600 14 - PUNTO DE ACCESO ADICIONAL DE MATERIA--NOMBRE DE PERSONA | |
| Fuente del encabezamiento o término | Armarc |
| Nombre de persona | González, Narciso, |
| Fechas asociadas al nombre | 1941-1994? |
| Subdivisión general | Desaparición. |
| 650 #4 - PUNTO DE ACCESO ADICIONAL DE MATERIA--TÉRMINO DE MATERIA | |
| Fuente del encabezamiento o término | Armarc |
| Término de materia o nombre geográfico como elemento de entrada | Crímenes políticos |
| Subdivisión geográfica | República Dominicana |
| Subdivisión general | Historia |
| Subdivisión cronológica | Siglo XX. |
| 651 #4 - PUNTO DE ACCESO ADICIONAL DE MATERIA--NOMBRE GEOGRÁFICO | |
| Fuente del encabezamiento o término | Armarc |
| Nombre geográfico | República Dominicana |
| Subdivisión general | Política y gobierno |
| Subdivisión cronológica | 1994. |
| 942 ## - ELEMENTOS DE ENTRADA SECUNDARIOS (KOHA) | |
| Fuente de la clasificación o esquema de estantería | Clasificación Decimal Dewey |
| Tipo de ítem Koha | Libros |
| Edición | Primera |
| Parte de clasificación | RD972.93054 L9597n |
| Prefijo de la signatura | RD972.93054 |
| Sufijo de signatura topográfica | L9597n |
| Suprimir en OPAC | No |
| Estatus retirado | Estado de pérdida | Fuente de la clasificación o esquema de estantería | Estado de daño | No para préstamo | Colección | Biblioteca de origen | Biblioteca actual | Fecha de adquisición | Fuente de adquisición | Total de préstamos | Signatura topográfica completa | Código de barras | Visto por última vez | Copia número | Precio de reemplazo | Tipo de ítem Koha |
|---|---|---|---|---|---|---|---|---|---|---|---|---|---|---|---|---|
| Clasificación Decimal Dewey | Acervo general de Libros | Biblioteca Central Mons. Favio M. Rivas S. | Biblioteca Central Mons. Favio M. Rivas S. | 01/07/2026 | Donado Por el Autor López Reyes | RD972.93054 L9597c2 | 000000013952 | 01/07/2026 | 1 | 01/07/2026 | Libros |
